[Event "ProMoPro2004"]
[Site "Praha"]
[Date "2004.09.17"]
[Round "7.6"]
[White "Pokorny, Petr"]
[Black "Stross, Frantisek"]
[Result "1/2-1/2"]
[WhiteElo "2292"]
[BlackElo "2220"]
[PlyCount "35"]
[EventDate "2004.09.11"]

1. d4 Nf6 2. c4 g6 3. Nc3 Bg7 4. e4 d6 5. Nf3 O-O 6. Be2 Na6 7. O-O e5 8. Be3
Ng4 9. Bg5 Qe8 10. dxe5 dxe5 11. h3 f6 12. Bc1 Nh6 13. b3 Be6 14. Ba3 Rf7 15.
Qc2 Rd8 16. Rad1 Rfd7 17. Rxd7 Rxd7 18. Rd1 1/2-1/2

[Event "ProMoPro2004"]
[Site "Praha"]
[Date "2004.09.17"]
[Round "7.24"]
[White "Marsalek, Lubos"]
[Black "Benes, Pavel"]
[Result "1/2-1/2"]
[WhiteElo "2009"]
[BlackElo "1852"]
[PlyCount "34"]
[EventDate "2004.09.11"]

1. b3 Nf6 2. Bb2 g6 3. g3 Bg7 4. Bg2 d6 5. d4 O-O 6. Nf3 Nbd7 7. c4 c5 8. e3
Ne8 9. O-O e5 10. Nc3 Nc7 11. Qc2 Qe7 12. dxe5 dxe5 13. Nd5 Nxd5 14. cxd5 e4
15. Bxg7 Kxg7 16. Nd2 f5 17. Nc4 b5 1/2-1/2

[Event "ProMoPro2004"]
[Site "Praha"]
[Date "2004.09.17"]
[Round "7.14"]
[White "Forman, Miroslav"]
[Black "Stepanek, Svatopluk"]
[Result "1/2-1/2"]
[WhiteElo "2023"]
[BlackElo "1767"]
[PlyCount "32"]
[EventDate "2004.09.11"]

1. d4 d5 2. Bg5 Nf6 3. Nd2 Bf5 4. Ngf3 Nbd7 5. e3 h6 6. Bh4 e6 7. c4 c6 8. a3
Be7 9. Be2 O-O 10. O-O a5 11. c5 Ne4 12. Nxe4 Bxe4 13. Bg3 a4 14. b3 axb3 15.
Qxb3 b6 16. cxb6 Qxb6 1/2-1/2

[Event "ProMoPro2004"]
[Site "Praha"]
[Date "2004.09.17"]
[Round "7.17"]
[White "Hlavnicka, Jan"]
[Black "Kastner, Kamil"]
[Result "1/2-1/2"]
[WhiteElo "1864"]
[BlackElo "2080"]
[PlyCount "36"]
[EventDate "2004.09.11"]

1. c4 e6 2. b3 d5 3. Bb2 Nf6 4. Nf3 Be7 5. g3 O-O 6. Bg2 c5 7. O-O d4 8. b4 Nc6
9. b5 Na5 10. d3 Bd6 11. Nbd2 Rb8 12. Bc1 a6 13. a4 axb5 14. axb5 b6 15. Ng5 e5
16. Nde4 Nxe4 17. Bxe4 h6 18. Nf3 Bb7 1/2-1/2

[Event "ProMoPro2004"]
[Site "Praha"]
[Date "2004.09.17"]
[Round "7.8"]
[White "Sodoma, Jan"]
[Black "Mejzlik, Ondrej"]
[Result "1/2-1/2"]
[WhiteElo "2203"]
[BlackElo "2025"]
[PlyCount "52"]
[EventDate "2004.09.11"]

1. e4 d5 2. exd5 Qxd5 3. Nc3 Qa5 4. Bc4 Nf6 5. Nf3 c6 6. d4 Bf5 7. Ne5 e6 8. g4
Be4 9. f3 Bd5 10. g5 Nfd7 11. Bxd5 cxd5 12. Nxd7 Nxd7 13. Qd3 a6 14. Bd2 Qc7
15. O-O-O O-O-O 16. f4 g6 17. Ne2 Bd6 18. Kb1 Kb8 19. h4 h5 20. Qb3 Rc8 21. Rc1
Qb6 22. Rh3 Qxb3 23. axb3 b5 24. b4 Nb6 25. b3 Rc7 26. Kb2 26... Kb7 {remis}
1/2-1/2

[Event "ProMoPro2004"]
[Site "Praha"]
[Date "2004.09.17"]
[Round "7.19"]
[White "Kubikova , Alena"]
[Black "Voglova, Eva"]
[Result "1-0"]
[WhiteElo "2067"]
[BlackElo "1988"]
[PlyCount "39"]
[EventDate "2004.09.11"]

1. e4 d5 2. exd5 Nf6 3. d4 Nxd5 4. c4 Nb6 5. Nf3 Bg4 6. c5 N6d7 7. Bc4 e6 8.
Nc3 Be7 9. Be3 Nc6 10. h3 Bh5 11. O-O Bf6 12. Be2 O-O 13. Qd2 Ne7 14. g4 Bg6
15. g5 Bxg5 16. Bxg5 f6 17. Bf4 Nf5 18. Bc4 Bf7 19. Rfe1 Re8 20. Nb5 {
cerny vzdal} 1-0

[Event "ProMoPro2004"]
[Site "Praha"]
[Date "2004.09.17"]
[Round "7.2"]
[White "Cernousek, Lukas"]
[Black "Stehno, Pavel"]
[Result "1/2-1/2"]
[WhiteElo "2378"]
[BlackElo "2344"]
[PlyCount "33"]
[EventDate "2004.09.11"]

1. e4 c5 2. Nf3 Nc6 3. Bb5 g6 4. Bxc6 dxc6 5. d3 Bg7 6. Nc3 e5 7. Be3 b6 8. Qd2
f6 9. O-O-O Be6 10. Kb1 Qc7 11. Ne2 Ne7 12. h4 h5 13. Ne1 Nc8 14. f4 Nd6 15.
Ng3 O-O-O 16. Qc1 c4 17. d4 {remis} 1/2-1/2

[Event "ProMoPro2004"]
[Site "Praha"]
[Date "2004.09.17"]
[Round "7.21"]
[White "Hoskovec, Josef"]
[Black "Rmoutil, Martin"]
[Result "1/2-1/2"]
[WhiteElo "1864"]
[BlackElo "2007"]
[PlyCount "44"]
[EventDate "2004.09.11"]

1. e4 c5 2. c3 Nf6 3. e5 Nd5 4. d4 e6 5. Nf3 cxd4 6. Qxd4 Nc6 7. Qe4 d6 8. Nbd2
Qc7 9. Nc4 dxe5 10. Ncxe5 Nxe5 11. Nxe5 Be7 12. Bb5+ Kf8 13. O-O Bd6 14. Nf3
Bd7 15. Bxd7 Qxd7 16. c4 Nf6 17. Qh4 Qc7 18. Bg5 Be7 19. Rfd1 h6 20. b3 Kg8 21.
Bf4 Qc5 22. Be3 Qc7 1/2-1/2

[Event "ProMoPro2004"]
[Site "Praha"]
[Date "2004.09.17"]
[Round "7.1"]
[White "Matras, Ondrej"]
[Black "Hausner, Ivan"]
[Result "0-1"]
[WhiteElo "2230"]
[BlackElo "2419"]
[PlyCount "82"]
[EventDate "2004.09.11"]

1. d4 d6 2. c4 e5 3. dxe5 dxe5 4. Qxd8+ Kxd8 5. Nc3 Be6 6. e4 c6 7. Bg5+ f6 8.
O-O-O+ Kc7 9. Be3 Na6 10. Na4 Ne7 11. f4 exf4 12. Bxf4+ Kc8 13. Nf3 Ng6 14. Bg3
Nc5 15. Nxc5 Bxc5 16. e5 f5 17. Bd3 h6 18. Rhf1 Kc7 19. Kc2 Rad8 20. a3 f4 21.
Bf2 Bxf2 22. Rxf2 Ne7 23. Kc3 c5 24. Nd2 Rhf8 25. Rdf1 g5 26. h4 Nc6 27. hxg5
hxg5 28. Ne4 Nxe5 29. Be2 Rg8 30. Nxc5 Bc8 31. Rh1 Rg7 32. Rh6 Re8 33. Bh5 Nf7
34. Rf6 Re3+ 35. Kd4 Nd8 36. Bf3 b6 37. Nd3 Ne6+ 38. Kc3 Nc5 39. Rd2 Rd7 40.
Rc6+ Kb8 41. Kc2 Rexd3 0-1

[Event "ProMoPro2004"]
[Site "Praha"]
[Date "2004.09.17"]
[Round "7.5"]
[White "Benes, Petr"]
[Black "Vavra, Pavel"]
[Result "1-0"]
[WhiteElo "2140"]
[BlackElo "2393"]
[PlyCount "70"]
[EventDate "2004.09.11"]

1. d4 Nf6 2. c4 c5 3. d5 e6 4. Nc3 exd5 5. cxd5 d6 6. Bg5 g6 7. h3 Bg7 8. Nf3
O-O 9. e3 Qb6 10. Qb3 Qxb3 11. axb3 Bf5 12. Nd2 h6 13. Bf4 Rd8 14. Be2 g5 15.
Bh2 Ne8 16. Nc4 Na6 17. Kd2 Nac7 18. Bf3 b5 19. Na5 b4 20. Na4 Nf6 21. Nb7
Ncxd5 22. Nxd8 Rxd8 23. Bxd5 Nxd5 24. Rhe1 Be6 25. Kc2 Ne7 26. Rad1 d5 27. f3
Rc8 28. Kb1 Bd7 29. Nxc5 Rxc5 30. Bd6 Bf5+ 31. e4 Rc6 32. Bxe7 dxe4 33. fxe4
Be6 34. Rd5 Bxd5 35. exd5 Rc8 1-0

[Event "ProMoPro2004"]
[Site "Praha"]
[Date "2004.09.17"]
[Round "7.23"]
[White "Slechta, Karel"]
[Black "Neumanova, Monika"]
[Result "1/2-1/2"]
[WhiteElo "1957"]
[BlackElo "1672"]
[PlyCount "60"]
[EventDate "2004.09.11"]

1. Nf3 f5 2. d3 Nf6 3. c4 g6 4. b3 Bg7 5. Bb2 d6 6. Qc2 e5 7. g3 c6 8. Nbd2 h6
9. c5 Nd5 10. cxd6 Qxd6 11. Nc4 Qb4+ 12. Qd2 Bf8 13. Qxb4 Nxb4 14. Kd1 Bc5 15.
Bxe5 Rg8 16. d4 Be7 17. Nd6+ Kd7 18. Nc4 Ke8 19. Bd6 Be6 20. Bxe7 Kxe7 21. Nfe5
Nd7 22. a3 Nxe5 23. Nxe5 Bxb3+ 24. Kd2 Nc2 25. Rb1 Nxd4 26. e3 Bd5 27. Rxb7+
Ke6 28. Bc4 Kxe5 29. f4+ Kd6 30. Bxd5 Kxd5 1/2-1/2

[Event "ProMoPro2004"]
[Site "Praha"]
[Date "2004.09.17"]
[Round "7.27"]
[White "Hornicek, Ondrej"]
[Black "Nosek, Filip"]
[Result "1/2-1/2"]
[WhiteElo "1681"]
[BlackElo "1927"]
[PlyCount "101"]
[EventDate "2004.09.11"]

1. e4 e5 2. Nf3 Nc6 3. d4 exd4 4. Bc4 Nf6 5. Ng5 Ne5 6. Qxd4 Nxc4 7. Qxc4 d5 8.
exd5 Qxd5 9. Qxd5 Nxd5 10. O-O Be7 11. Re1 f6 12. Ne6 Kf7 13. Nf4 Nxf4 14. Bxf4
c6 15. Nd2 Bf5 16. c3 Rhe8 17. Nc4 Bd3 18. Ne3 g6 19. Rad1 Ba6 20. h3 Rad8 21.
Kh2 Rxd1 22. Rxd1 Rd8 23. Rxd8 Bxd8 24. Nc2 h5 25. Be3 Bc7+ 26. g3 Bb8 27. Nb4
Bf1 28. b3 a6 29. Bb6 g5 30. a4 Be2 31. a5 Bd6 32. Kg2 Bd1 33. Nd3 Bxb3 34. Nc5
Bxc5 35. Bxc5 g4 36. hxg4 hxg4 37. Kf1 Ke6 38. Ke2 Kd5 39. Bd4 f5 40. Kd3 Bc4+
41. Kd2 Ba2 42. Bb6 Kc4 43. Bc7 Bb1 44. Bb6 Be4 45. Bc7 c5 46. Bb6 Bf3 47. Kc2
Bg2 48. Kb2 Be4 49. Ka3 Kxc3 50. Bxc5 Kc4 51. Bb6 1/2-1/2

[Event "ProMoPro2004"]
[Site "Praha"]
[Date "2004.09.17"]
[Round "7.32"]
[White "Janota, Jiri"]
[Black "Istel, Oldrich"]
[Result "0-1"]
[WhiteElo "1559"]
[BlackElo "1668"]
[PlyCount "121"]
[EventDate "2004.09.11"]

1. e4 Nc6 2. d4 d5 3. e5 Bf5 4. Bb5 e6 5. Ne2 Bb4+ 6. Bd2 Bxd2+ 7. Qxd2 Nge7 8.
a3 a6 9. Bd3 Bxd3 10. Qxd3 Nf5 11. Nd2 Qg5 12. g3 Na5 13. f4 Qe7 14. Qc3 b6 15.
b4 Nb7 16. Qc6+ Qd7 17. Qxd7+ Kxd7 18. O-O h6 19. g4 Ne3 20. Rf3 Nxg4 21. Rg3
h5 22. h3 Nh6 23. Rxg7 Rag8 24. Rxg8 Rxg8+ 25. Kf2 Nf5 26. Nf3 Ke7 27. Ng5 f6
28. exf6+ Kxf6 29. c3 Nbd6 30. Rg1 Rg7 31. Rg2 b5 32. Nc1 Nc4 33. Nb3 Nb2 34.
Nc5 c6 35. Ncxe6 Re7 36. Kg1 Nd1 37. Rc2 Rxe6 38. Nxe6 Kxe6 39. Rc1 Nfe3 40.
Kh2 h4 41. Rb1 Kf5 42. Ra1 Kxf4 43. a4 bxa4 44. Rxa4 Nxc3 45. Rxa6 Nb5 46. Rxc6
Nxd4 47. Rc5 Ke5 48. Kg1 Kd6 49. Rc8 Nb5 50. Rh8 Nf5 51. Kf2 d4 52. Ke2 Kd5 53.
Kd3 Nbd6 54. Ra8 Nc4 55. Rd8+ Nfd6 56. Rh8 Ne5+ 57. Ke2 d3+ 58. Kd1 Nf3 59.
Rh5+ Kc4 60. b5 Nxb5 61. Rf5 0-1

[Event "ProMoPro2004"]
[Site "Praha"]
[Date "2004.09.17"]
[Round "7.16"]
[White "Slovak, Pavel"]
[Black "Tejkal, Jiri"]
[Result "1-0"]
[WhiteElo "2103"]
[BlackElo "2048"]
[PlyCount "81"]
[EventDate "2004.09.11"]

1. e4 c5 2. Nf3 e6 3. d4 cxd4 4. Nxd4 Nf6 5. Nc3 d6 6. Be2 Nc6 7. Be3 Be7 8.
O-O O-O 9. f4 Bd7 10. Bf3 Nxd4 11. Bxd4 Bc6 12. Qe1 Nd7 13. Rd1 Qc7 14. Qg3 e5
15. Be3 exf4 16. Bxf4 Ne5 17. Be3 Kh8 18. Be2 a6 19. Bd4 b5 20. Bd3 f6 21. Nd5
Qb7 22. Qh4 Bd8 23. Kh1 Qf7 24. a3 Rb8 25. Be2 Qg8 26. Qh3 Bd7 27. Qg3 Be6 28.
Bh5 g6 29. Be2 Qg7 30. Be3 Rb7 31. c3 Rbf7 32. h3 Rb7 33. Nf4 Qd7 34. Nxe6 Qxe6
35. Bf4 Be7 36. Be3 Rbb8 37. Bh6 Rfd8 38. Bc1 Rd7 39. Qf2 Rbd8 40. Qd4 Nc6 41.
Qb6 1-0

[Event "ProMoPro2004"]
[Site "Praha"]
[Date "2004.09.17"]
[Round "7.30"]
[White "Cozl, Miroslav"]
[Black "Horak, Karel"]
[Result "0-1"]
[WhiteElo "1525"]
[BlackElo "1671"]
[PlyCount "114"]
[EventDate "2004.09.11"]

1. e4 c5 2. Nf3 d6 3. d4 cxd4 4. Nxd4 Nf6 5. Nc3 a6 6. h3 e6 7. Be2 Be7 8. O-O
O-O 9. Kh1 Qc7 10. f4 b5 11. Bd3 Nbd7 12. Nb3 Bb7 13. Qf3 e5 14. Nd5 Nxd5 15.
exd5 Nf6 16. Be4 Rac8 17. c3 Nxe4 18. Qxe4 Qc4 19. Qxc4 Rxc4 20. Na5 Rc7 21.
Nxb7 Rxb7 22. f5 Rc8 23. Bd2 Rc5 24. Be3 Rxd5 25. Rad1 Rxd1 26. Rxd1 Rc7 27. g3
f6 28. Kg2 Kf7 29. Kf3 Rc4 30. Rd2 Bf8 31. Rd5 Ke7 32. Bd2 Ra4 33. a3 Rc4 34.
Ke3 g6 35. fxg6 hxg6 36. b3 Rc8 37. Be1 Ke6 38. Rd1 f5 39. Kf3 Be7 40. Ra1 d5
41. a4 Kd6 42. axb5 axb5 43. Ra6+ Rc6 44. Ra7 Bf6 45. Rb7 e4+ 46. Ke2 Bxc3 47.
Rxb5 Bxe1 48. Kxe1 Ke5 49. Rb4 Rc3 50. Kf2 Rf3+ 51. Kg2 f4 52. gxf4+ Rxf4 53.
Kg3 Rf3+ 54. Kg4 Rf1 55. Ra4 e3 56. Kg3 e2 57. Kg2 e1=Q 0-1

[Event "ProMoPro2004"]
[Site "Praha"]
[Date "2004.09.17"]
[Round "7.29"]
[White "Koncel, Jan"]
[Black "Krivanek, Vladimir"]
[Result "0-1"]
[WhiteElo "1441"]
[BlackElo "1853"]
[PlyCount "120"]
[EventDate "2004.09.11"]

1. e4 e5 2. Nf3 Nc6 3. Bb5 Nd4 4. Ba4 Bc5 5. c3 Nxf3+ 6. Qxf3 Qf6 7. Qxf6 Nxf6
8. f3 O-O 9. d3 h6 10. Nd2 d5 11. Nb3 Bb6 12. Bd2 c6 13. Nc1 Rd8 14. Bb3 a5 15.
a4 Bc5 16. h3 b6 17. Ne2 dxe4 18. dxe4 Bf2+ 19. Kxf2 Rxd2 20. Rhd1 Rxb2 21.
Rd8+ Kh7 22. Bxf7 Rxe2+ 23. Kxe2 Ba6+ 24. Rd3 Bxd3+ 25. Kxd3 Ra7 26. Bc4 Nd7
27. Kc2 Nc5 28. Be2 Rd7 29. g3 Kg6 30. c4 Kf6 31. Kc3 g5 32. g4 Rd4 33. Kc2 Ke6
34. Kc3 Kd6 35. Kc2 Ne6 36. Rb1 Kc5 37. Kc3 Nf4 38. Bf1 Nxh3 39. Bxh3 Rxc4+ 40.
Kd2 Rxa4 41. Rh1 Ra2+ 42. Ke3 b5 43. Bf1 Ra1 44. Kf2 b4 45. Rxh6 b3 46. Bd3 a4
47. f4 exf4 48. e5 b2 49. e6 Kd6 50. e7+ Kxe7 51. Rxc6 b1=Q 52. Bxb1 Rxb1 53.
Ra6 Rb4 54. Ra5 Kf6 55. Ra6+ Ke5 56. Ra5+ Ke4 57. Rxg5 Rb2+ 58. Ke1 a3 59. Ra5
a2 60. Kd1 Rb1+ 0-1

[Event "ProMoPro2004"]
[Site "Praha"]
[Date "2004.09.17"]
[Round "7.18"]
[White "Horinek, Karel"]
[Black "Jansa, Vaclav"]
[Result "1-0"]
[WhiteElo "1941"]
[BlackElo "2076"]
[PlyCount "107"]
[EventDate "2004.09.11"]

1. d4 Nf6 2. c4 g6 3. Nc3 Bg7 4. Bg5 O-O 5. Nf3 d6 6. e4 h6 7. Bh4 Nbd7 8. Be2
c6 9. O-O e5 10. d5 Qe7 11. Rc1 Rd8 12. Nd2 g5 13. Bg3 Nf8 14. f3 Ng6 15. b4
Nh5 16. Bf2 Nhf4 17. Qb3 h5 18. Rfd1 g4 19. Bf1 Qg5 20. Kh1 h4 21. fxg4 Bxg4
22. Re1 h3 23. gxh3 Nxh3 24. Be3 Qh5 25. Qc2 Ngf4 26. Bxh3 Nxh3 27. Rf1 Kf8 28.
Qd3 Ke7 29. c5 Rh8 30. dxc6 Rad8 31. Nd5+ Kf8 32. c7 Rc8 33. cxd6 Nf4 34. Bxf4
exf4 35. Rf2 Be5 36. Nf3 Bxf3+ 37. Qxf3 Bxd6 38. Qxh5 Rxh5 39. a4 Re5 40. Rc4
b6 41. Nxf4 Ke8 42. Nd5 Rg5 43. a5 b5 44. Rc1 Be5 45. Rf5 Rxf5 46. exf5 Kd7 47.
Kg2 Rg8+ 48. Kf3 Rh8 49. h4 Bd6 50. h5 Kc8 51. Rc6 Kd7 52. Ra6 Be5 53. Rxa7
Rxh5 54. Nb6+ 1-0

[Event "ProMoPro2004"]
[Site "Praha"]
[Date "2004.09.17"]
[Round "7.28"]
[White "Novotny, Vladimir"]
[Black "Nemec, Vaclav"]
[Result "0-1"]
[WhiteElo "1906"]
[BlackElo "1594"]
[PlyCount "106"]
[EventDate "2004.09.11"]

1. e4 e5 2. Nf3 Nc6 3. Bb5 a6 4. Ba4 Nf6 5. O-O b5 6. Bb3 Nxe4 7. d4 d5 8. dxe5
Be6 9. Re1 Na5 10. Nbd2 Nxd2 11. Bxd2 Nxb3 12. axb3 c5 13. Ng5 Qd7 14. Nxe6
fxe6 15. f4 Qf7 16. Qe2 c4 17. b4 Be7 18. Ra3 Bd8 19. Be3 O-O 20. Rea1 Qb7 21.
Qg4 Rf5 22. Bc5 Bb6 23. Rh3 Bxc5+ 24. bxc5 Qe7 25. b4 cxb3 26. cxb3 Qxc5+ 27.
Kf1 Qd4 28. Qd1 Rxf4+ 29. Rf3 Rxf3+ 30. gxf3 Qxd1+ 31. Rxd1 a5 32. Rc1 a4 33.
bxa4 bxa4 34. Ra1 a3 35. Ra2 Kf7 36. Ke2 Kg6 37. Ke3 Kf5 38. f4 Ra4 39. h3 Re4+
40. Kd2 Ra4 41. Ke3 Ra6 42. h4 Kg4 43. Rg2+ Kh3 44. Ra2 Kg4 45. Rg2+ Kxh4 46.
Rxg7 a2 47. Rxh7+ Kg4 48. Rg7+ Kh5 49. Rg1 a1=Q 50. Rxa1 Rxa1 51. Kd4 Kg6 52.
Kc5 Kf5 53. Kd6 d4 0-1

[Event "ProMoPro2004"]
[Site "Praha"]
[Date "2004.09.17"]
[Round "7.28"]
[White "Stodolova, Kristyna"]
[Black "Cebis, Petr"]
[Result "1/2-1/2"]
[WhiteElo "1996"]
[BlackElo "1852"]
[PlyCount "107"]
[EventDate "2004.09.11"]

1. d4 e6 2. c4 f5 3. Nc3 Nf6 4. Nf3 d5 5. g3 c6 6. Bg2 Bd6 7. b3 O-O 8. O-O Bd7
9. e3 Be8 10. Bb2 Nbd7 11. Ne2 Qe7 12. Qc2 Ng4 13. h3 Nh6 14. Nf4 Nf6 15. a4
Ne4 16. Ne5 g5 17. Nfd3 Nf7 18. Qc1 Nh8 19. Kh2 Ng6 20. f3 Nf6 21. f4 Ne4 22.
fxg5 Nxg5 23. Ba3 Bxa3 24. Rxa3 Nf7 25. Nxf7 Rxf7 26. b4 Qd6 27. c5 Qc7 28. Nf4
Bd7 29. Bf3 Re8 30. Bh5 Rg7 31. Bxg6 hxg6 32. Nd3 Rh7 33. Ne5 Kg7 34. Kg2 Reh8
35. Rh1 Be8 36. Qf1 Qd8 37. Ra1 g5 38. b5 Qa5 39. Qf2 Qd8 40. Rab1 Kg8 41. g4
fxg4 42. hxg4 Qe7 43. b6 a6 44. Rbf1 Kg7 45. Rxh7+ Rxh7 46. Qg3 Bg6 47. Nxg6
Kxg6 48. Qb8 Kg7 49. Qe5+ Kg6 50. Kg3 Rf7 51. Rh1 Qf6 52. Qxf6+ Rxf6 53. Rh8
Rf7 54. Rc8 1/2-1/2

[Event "ProMoPro2004"]
[Site "Praha"]
[Date "2004.09.17"]
[Round "7.12"]
[White "Trnka, Jaroslav"]
[Black "Mejzlik, Vojtech"]
[Result "0-1"]
[WhiteElo "1880"]
[BlackElo "2097"]
[PlyCount "104"]
[EventDate "2004.09.11"]

1. d4 f5 2. g3 Nf6 3. Bg2 g6 4. Nf3 Bg7 5. O-O O-O 6. c4 d6 7. Nc3 c6 8. Qc2
Qc7 9. e4 fxe4 10. Nxe4 Bf5 11. Nxf6+ exf6 12. Qb3 Be4 13. Bf4 Qd7 14. Rad1 g5
15. Be3 d5 16. c5 h6 17. Nd2 Bxg2 18. Kxg2 f5 19. Nf3 Na6 20. Bc1 Rae8 21. Qc3
Re4 22. Ne5 Bxe5 23. dxe5 Qe7 24. f4 gxf4 25. gxf4 Re2+ 26. Kh1 Qh4 27. Rg1+
Kh7 28. Qg3 Qxg3 29. hxg3 Nxc5 30. Rg2 Ne4 31. Kg1 Rxg2+ 32. Kxg2 h5 33. Be3
Rg8 34. Bf2 h4 35. Rh1 Nxg3 36. Rxh4+ Nh5+ 37. Kf3 Kg6 38. Rh1 Ng7 39. Rg1+ Kf7
40. Rg5 a6 41. Bd4 Re8 42. b4 Re6 43. a4 Rg6 44. Rxg6 Kxg6 45. a5 Ne6 46. Bf2
Kf7 47. Bg3 Nd4+ 48. Kg2 Nc2 49. Kf3 Nxb4 50. Ke3 c5 51. Kd2 Nc6 52. Bf2 Nxa5
0-1

[Event "ProMoPro2004"]
[Site "Praha"]
[Date "2004.09.17"]
[Round "7.4"]
[White "Virostko, Petr"]
[Black "Londyn, Radek"]
[Result "1/2-1/2"]
[WhiteElo "2290"]
[BlackElo "2278"]
[PlyCount "97"]
[EventDate "2004.09.11"]

1. e4 c5 2. Nf3 e6 3. d4 cxd4 4. Nxd4 a6 5. Bd3 Ne7 6. c4 Nec6 7. Nf3 Be7 8.
Nc3 d6 9. O-O Nd7 10. Be3 O-O 11. Rc1 b6 12. Nd4 Nxd4 13. Bxd4 Bb7 14. Be3 Bf6
15. f3 Rc8 16. Qd2 Ne5 17. Na4 Bc6 18. Bxb6 Qd7 19. Nc3 Rb8 20. Be3 Nxd3 21.
Qxd3 Rxb2 22. Rfd1 Rd8 23. Bd4 Qe7 24. Rb1 Bxd4+ 25. Qxd4 e5 26. Qe3 Rdb8 27.
Rxb2 Rxb2 28. Kh1 h6 29. Qc1 Rb4 30. Nd5 Bxd5 31. cxd5 Qb7 32. h3 Rd4 33. Rxd4
exd4 34. Qc6 Qa7 35. e5 Qe7 36. f4 g5 37. Qxd6 Qxd6 38. exd6 Kf8 39. Kg1 Ke8
40. Kf2 Kd7 41. Kf3 Kxd6 42. Ke4 d3 43. Kxd3 Kxd5 44. fxg5 hxg5 45. Ke3 Ke5 46.
g3 a5 47. a4 f5 48. Kf3 f4 49. gxf4+ 1/2-1/2

[Event "ProMoPro2004"]
[Site "Praha"]
[Date "2004.09.17"]
[Round "7.13"]
[White "Rakous, Pavel"]
[Black "Svoboda, Vaclav"]
[Result "1/2-1/2"]
[WhiteElo "1800"]
[BlackElo "2042"]
[PlyCount "81"]
[EventDate "2004.09.11"]

1. c4 Nf6 2. a3 g6 3. Qc2 Bg7 4. b3 d6 5. Bb2 Nbd7 6. d3 c6 7. Nd2 b5 8. Ngf3
Rb8 9. e3 O-O 10. Be2 Nb6 11. Rb1 Bd7 12. c5 Nbd5 13. Ne4 Qc7 14. Nxf6+ Nxf6
15. O-O Rfd8 16. Rfc1 Rbc8 17. a4 b4 18. cxd6 exd6 19. Ng5 h6 20. Ne4 Nd5 21.
Bxg7 Kxg7 22. Qb2+ Kh7 23. Rc4 Be6 24. Bf3 Qe7 25. Rxb4 f5 26. Rc1 Rf8 27. Rb7
Qxb7 28. Nxd6 Qd7 29. Nxc8 Rxc8 30. e4 Nf4 31. Qd2 Nxd3 32. Rd1 Rd8 33. Qc3 c5
34. exf5 Bxf5 35. Qf6 Re8 36. g4 Be4 37. Be2 g5 38. f3 Bg6 39. Bxd3 Bxd3 40.
Rxd3 Re1+ 41. Kg2 1/2-1/2

[Event "ProMoPro2004"]
[Site "Praha"]
[Date "2004.09.17"]
[Round "7.41"]
[White "Bohac, Jaroslav"]
[Black "Ryslink, Daniel"]
[Result "1/2-1/2"]
[WhiteElo "1943"]
[BlackElo "1764"]
[PlyCount "128"]
[EventDate "2004.09.11"]

1. d4 Nf6 2. c4 g6 3. g3 c6 4. Bg2 d5 5. b3 Bg7 6. Bb2 O-O 7. Nd2 Bf5 8. Ngf3
Qd7 9. Ne5 Qc8 10. O-O Bh3 11. Rc1 Bxg2 12. Kxg2 Qd8 13. f4 e6 14. Qc2 Nbd7 15.
Ba3 Re8 16. h3 c5 17. cxd5 Nxd5 18. Rf3 cxd4 19. Nec4 b5 20. e4 dxe3 21. Nxe3
Nxe3+ 22. Rxe3 Rc8 23. Qxc8 Qxc8 24. Rxc8 Rxc8 25. Rd3 Nb6 26. Ne4 Nd5 27. Rd2
b4 28. Bb2 Bxb2 29. Rxb2 Kf8 30. h4 Ke7 31. Ng5 f6 32. Nf3 Ne3+ 33. Kh3 Rc2 34.
Rb1 Nd5 35. Re1 Rxa2 36. Nd4 Ra6 37. f5 e5 38. h5 g5 39. Nf3 Ra2 40. Nxe5 fxe5
41. Rxe5+ Kd6 42. Re6+ Kc5 43. Rh6 a5 44. Rxh7 a4 45. bxa4 b3 46. Rb7 Nb6 47.
f6 Rf2 48. a5 Rxf6 49. Rc7+ Kb5 50. Rc1 b2 51. Rb1 Nc4 52. Kg4 Rf2 53. h6 Rh2
54. Kxg5 Na3 55. Rxb2+ Rxb2 56. h7 Rh2 57. Kg6 Kxa5 58. g4 Nc4 59. Kg7 Kb5 60.
h8=Q Rxh8 61. Kxh8 Ne5 62. g5 Kc5 63. Kg7 Kd5 64. Kf6 Ke4 1/2-1/2

[Event "ProMoPro2004"]
[Site "Praha"]
[Date "2004.09.17"]
[Round "7.20"]
[White "Listopad, Martin"]
[Black "Kamenik, Robert"]
[Result "1/2-1/2"]
[WhiteElo "1887"]
[BlackElo "2027"]
[PlyCount "95"]
[EventDate "2004.09.11"]

1. e4 e5 2. f4 Bc5 3. Nf3 d6 4. Bc4 Nh6 5. c3 O-O 6. d4 exd4 7. cxd4 Bb4+ 8.
Nc3 Qe7 9. Qd3 Bf5 10. Ng5 Be6 11. O-O Bxc3 12. bxc3 Nd7 13. d5 Nc5 14. Qg3 Bg4
15. Bd3 f6 16. Ne6 Bxe6 17. dxe6 Nxd3 18. Qxd3 Qxe6 19. f5 Qf7 20. Bxh6 gxh6
21. Rf3 Kh8 22. Rh3 Qg7 23. Rh5 Rae8 24. Re1 Re7 25. Qd4 Rg8 26. g3 a5 27. Rf1
Qf8 28. Rf4 Rg5 29. Rh3 h5 30. Rfh4 Qf7 31. Rxh5 Rxh5 32. Rxh5 Re5 33. Rh6 Kg7
34. Rh4 Qxa2 35. Qe3 Qf7 36. Rg4+ Kh8 37. Qh6 Re7 38. Rg6 Re8 39. Rxf6 Qg7 40.
Qh5 Qxf6 41. Qxe8+ Kg7 42. g4 Qf7 43. Qd8 a4 44. Qg5+ Kf8 45. Qd8+ Qe8 46. Qxc7
Qxe4 47. Qxd6+ Ke8 48. h3 1/2-1/2

[Event "ProMoPro2004"]
[Site "Praha"]
[Date "2004.09.17"]
[Round "7.25"]
[White "Zatko, Michal"]
[Black "Petrak, Robert"]
[Result "1/2-1/2"]
[WhiteElo "1760"]
[BlackElo "2143"]
[PlyCount "125"]
[EventDate "2004.09.11"]

1. e4 Nf6 2. Nc3 d5 3. exd5 Nxd5 4. Nxd5 Qxd5 5. c3 e5 6. Nf3 Bg4 7. Qa4+ Bd7
8. Qc4 Qd6 9. Ng5 Qe7 10. d3 Nc6 11. Be2 h6 12. Ne4 O-O-O 13. Qa4 Kb8 14. Qc2
f5 15. Ng3 h5 16. h4 Qf7 17. Bg5 Be7 18. Bxe7 Nxe7 19. O-O-O Qxa2 20. b3 Qxc2+
21. Kxc2 g6 22. Ra1 Nd5 23. Bf3 Nf4 24. Ra5 Nxd3 25. Kxd3 e4+ 26. Nxe4 fxe4+
27. Bxe4 Rhe8 28. f3 Bh3+ 29. Ke3 Bf5 30. Ra4 Bxe4 31. fxe4 c5 32. Rha1 a6 33.
Rc4 Re5 34. b4 cxb4 35. Rxb4 Rc5 36. c4 a5 37. Rb5 Rxc4 38. Rbxa5 Rc3+ 39. Kf4
Rf8+ 40. Ke5 Rf2 41. R1a2 Rf7 42. R5a3 Rc6 43. g3 g5 44. hxg5 Rg6 45. Kd5 Rd7+
46. Ke5 Rxg5+ 47. Ke6 Rdg7 48. Ra8+ Kc7 49. Rc2+ Kb6 50. Rb2+ Kc5 51. Ra5+ Kd4
52. Rxg5 Rxg5 53. Rb4+ Ke3 54. e5 Rxg3 55. Rxb7 Rg6+ 56. Kf7 Rh6 57. Rb3+ Ke4
58. e6 h4 59. e7 Rh7+ 60. Ke6 Rh8 61. Kd7 Kf4 62. e8=Q Rxe8 63. Kxe8 1/2-1/2

[Event "ProMoPro2004"]
[Site "Praha"]
[Date "2004.09.17"]
[Round "7.7"]
[White "Vedral, Oldrich"]
[Black "Simecek, Bohumil"]
[Result "1/2-1/2"]
[WhiteElo "2280"]
[BlackElo "2113"]
[PlyCount "96"]
[EventDate "2004.09.11"]

1. c4 Nf6 2. Nc3 g6 3. d4 Bg7 4. e4 d6 5. Be2 O-O 6. Bg5 Na6 7. Qd2 c6 8. f4
Nc7 9. Bf3 Ne6 10. Bh4 c5 11. dxc5 Nxc5 12. Rd1 Be6 13. b3 a5 14. Nge2 a4 15.
e5 dxe5 16. fxe5 Qxd2+ 17. Rxd2 axb3 18. exf6 bxa2 19. Rxa2 Rxa2 20. Nxa2 Bxf6
21. Bxf6 exf6 22. Bd5 Ra8 23. Nac1 Ra1 24. O-O Kg7 25. Nd4 f5 26. Re1 Kf6 27.
Kf1 Bxd5 28. cxd5 Ne4 29. Nd3 Rxe1+ 30. Kxe1 Nc3 31. d6 Ne4 32. Nb5 Ke6 33. Ne5
Nxd6 34. Nxd6 Kxd6 35. Nxf7+ Kd5 36. Kd2 f4 37. Kd3 b5 38. Ng5 h6 39. Nf7 h5
40. h4 Ke6 41. Nd8+ Kf5 42. Nc6 g5 43. Nd4+ Kg4 44. hxg5 Kxg5 45. Nxb5 Kg4 46.
Ke2 Kg3 47. Kf1 f3 48. gxf3 Kxf3 1/2-1/2

[Event "ProMoPro2004"]
[Site "Praha"]
[Date "2004.09.17"]
[Round "7.11"]
[White "Nepustil, Frantisek"]
[Black "Novak, Vaclav"]
[Result "1-0"]
[WhiteElo "1979"]
[BlackElo "2109"]
[PlyCount "129"]
[EventDate "2004.09.11"]

1. e4 g6 2. d4 Bg7 3. Nc3 d6 4. Nf3 c6 5. Be3 Bg4 6. h3 Bd7 7. Qd2 Nf6 8. O-O-O
O-O 9. Bh6 b5 10. Bd3 a5 11. e5 b4 12. Ne4 Nxe4 13. Bxe4 d5 14. Bd3 Na6 15. h4
Bh8 16. Bxf8 Qxf8 17. h5 c5 18. Ng5 c4 19. hxg6 fxg6 20. Nxh7 Qg7 21. Be2 a4
22. Bf3 Be6 23. Ng5 c3 24. bxc3 bxc3 25. Qxc3 Rc8 26. Qa5 Nc5 27. Rh7 Qf8 28.
dxc5 Qf4+ 29. Qd2 Qxe5 30. Rxh8+ Qxh8 31. Qd4 Qh6 32. Qe5 Bf5 33. Bxd5+ Kf8 34.
f4 Rxc5 35. c4 Qh4 36. Re1 Rc7 37. Qe3 Qh8 38. Qe5 Qh4 39. g3 Qh2 40. Re2 Qg1+
41. Kd2 Ke8 42. Qc3 Qb1 43. a3 Rc8 44. Ne4 Rb8 45. Bc6+ Kd8 46. Qd3+ Qxd3+ 47.
Kxd3 Rb3+ 48. Kd4 Rxa3 49. Nc3 Ra1 50. Bxa4 Rg1 51. Re3 Rg2 52. Bc6 Rd2+ 53.
Kc5 Rc2 54. Nd5 e6 55. Nb6 Ra2 56. Re1 Ra3 57. Rg1 Ke7 58. g4 Bd3 59. g5 Ra5+
60. Bb5 Ra2 61. Rh1 Rf2 62. Rh7+ Kf8 63. Nd7+ Kg8 64. Nf6+ Kf8 65. Be8 1-0